| 000 | 01546cam a22003494a 4500 | ||
|---|---|---|---|
| 001 | 12846909 | ||
| 005 | 20060815203000.0 | ||
| 008 | 020709s2003 enk b 001 0 eng | ||
| 010 | _a 2002109619 | ||
| 020 | _a0761971416 | ||
| 020 | _a9780761971412 | ||
| 035 | _a(DLC) 2002109619 | ||
| 040 |
_aDLC _cDLC _dDLC |
||
| 042 | _apcc | ||
| 050 | 0 | 0 |
_aHF5686.C7 _bH54 2003 |
| 082 | 0 | 0 |
_a657.3 _222 _bHIG |
| 100 | 1 |
_aHigson, Andrew, _d1958- _922941 |
|
| 245 | 1 | 0 |
_aCorporate Financial Reporting : _bTheory and Practice / _cAndrew Higson. |
| 260 |
_aLondon ; _aThousand Oaks : _bSage Publications, 2003 _c2003. |
||
| 300 |
_axii, 228 p. ; _c25 cm. |
||
| 504 | _aIncludes bibliographical references and indexes | ||
| 541 | _aDr. Andrew Higson ; | ||
| 650 | 0 |
_aCorporations _xAccounting. _922942 |
|
| 650 | 0 |
_aFinancial statements. _922943 |
|
| 653 |
_bEco _cApril2011 |
||
| 856 | 4 | 2 |
_3Publisher description _uhttp://www.loc.gov/catdir/enhancements/fy0657/2002109619-d.html |
| 856 | 4 | 1 |
_3Table of contents only _uhttp://www.loc.gov/catdir/enhancements/fy0657/2002109619-t.html |
| 942 |
_2ddc _cBB |
||
| 999 |
_c15082 _d15082 |
||